Statistics for Champions League 2014-2015 scorers

Click here to take the quiz!

General Stats

  • This quiz has been taken 35 times
  • The average score is 71 of 179

Answer Stats

Club Country Player Goals % Correct
BarcelonaArgentinaLionel Messi10
100%
Manchester CityArgentinaSergio Agüero6
100%
BarcelonaBrazilNeymar10
100%
BayernPolandRobert Lewandowski6
100%
Atletico MadridSpainMario Suarez1
100%
BarcelonaUruguayLuis Suarez7
100%
Real MadridPortugalCristiano Ronaldo10
100%
BayernGermanyThomas Müller7
100%
Paris-SGUruguayEdinson Cavani6
96%
ChelseaBelgiumEden Hazard3
96%
Real MadridFranceKarim Benzema6
96%
JuventusArgentinaCarlos Tevez7
96%
ArsenalChileAlexis Sanchez3
92%
Paris-SGSwedenZlatan Ibrahimovic2
92%
JuventusSpainAlvaro Morata5
92%
BayernFranceFranck Ribéry3
92%
Schalke 04NetherlandsKlaas-Jan Huntelaar5
88%
BayernNetherlandsArjen Robben2
88%
ArsenalFranceOlivier Giroud1
83%
BayernGermanyMario Götze4
83%
PortoColombiaJackson Martinez7
83%
Real MadridWalesGareth Bale2
83%
SportingPortugalAdrien Silva2
79%
LiverpoolEnglandSteven Gerrard2
79%
ChelseaSpainCesc Fabregas2
79%
SportingArgentinaJonathan Silva1
79%
PortoSpainAdrian Lopez1
79%
Paris-SGBrazilThiago Silva1
79%
Atletico MadridCroatiaMario Mandzukic5
79%
BayernSpainXabi Alonso2
75%
Atletico MadridFranceAntoine Griezmann2
75%
ShakhtarBrazilDouglas Costa1
75%
ShakhtarBrazilLuiz Adriano5
75%
DortmundItalyCiro Immobile4
75%
LeverkusenSouth KoreaHeung-min Son3
75%
DortmundGabonPierre-Emerick Aubameyang3
71%
ChelseaCote d'IvoireDidier Drogba2
71%
AS RomaCote d'IvoireGervinho3
71%
BarcelonaCroatiaIvan Rakitic2
71%
ArsenalWalesAaron Ramsey3
71%
ArsenalGermanyLukas Podolski3
67%
Real MadridMexicoJavier Hernandez1
67%
ChelseaSerbiaBranislav Ivanovic1
67%
ChelseaEnglandJohn Terry2
67%
SportingPortugalNani4
63%
Paris-SGBrazilDavid Luiz2
63%
Atletico MadridSpainKoke2
63%
DortmundColombiaAdrian Ramos3
63%
ChelseaBrazilWillian1
63%
JuventusSpainFernando Llorente1
63%
Real MadridColombiaJames Rodriguez1
63%
Zenit Saint PetersburgBrazilHulk1
63%
Manchester CityCote d'IvoireYaya Touré1
58%
Manchester CityEnglandJames Milner1
58%
PortoAlgeriaYacine Brahimi5
58%
MonacoBulgariaDimitar Berbatov1
58%
ChelseaSerbiaNemanja Matic2
58%
CSKA MoscowCote d'IvoireSeydou Doumbia3
58%
DortmundGermanyMarco Reus3
58%
Atletico MadridTurkeyArda Turan1
54%
Real MadridBrazilMarcelo1
54%
BayernSpainThiago Alcantara2
54%
LiverpoolEnglandJordan Henderson1
54%
JuventusChileArturo Vidal1
54%
Atletico MadridUruguayDiego Godin1
54%
LiverpoolItalyMario Balotelli1
54%
BayernMoroccoMehdi Benatia1
50%
JuventusItalyAndrea Pirlo1
50%
ArsenalEnglandDanny Welbeck3
50%
BayernGermanyJérôme Boateng3
50%
ChelseaEnglandGary Cahill1
50%
AS RomaItalyFrancesco Totti2
50%
Paris-SGItalyMarco Verratti1
50%
JuventusFrancePaul Pogba1
50%
Manchester CityArgentinaPablo Zabaleta1
46%
Manchester CityFranceSamir Nasri1
46%
Zenit Saint PetersburgBelgiumAlex Witsel1
46%
ChelseaGermanyAndré Schürrle1
42%
GalatasarayNetherlandsWesley Sneijder1
42%
Paris-SGFranceBlaise Matuidi1
42%
ArsenalEnglandAlex Oxlade-Chamberlain2
42%
BarcelonaSpainGérard Piqué1
38%
MonacoPortugalJoao Moutinho1
38%
OlympiacosGreeceKonstantinos Mitroglou2
38%
ChelseaBrazilRamires1
38%
ChelseaFranceLoïc Rémy1
38%
ArsenalSpainMikel Arteta1
33%
PortoCameroonVincent Aboubakar3
33%
PortoMexicoHector Herrera3
33%
LeverkusenGermanyStefan Kiessling1
33%
BayernSwitzerlandXherdan Shaqiri1
33%
Atletico MadridSpainRaul Garcia2
33%
MonacoTunisiaAymen Abdennour1
29%
SportingAlgeriaIslam Slimani2
29%
BayernGermanyHolger Badstuber1
29%
Real MadridSpainAlvaro Arbeloa1
29%
Zenit Saint PetersburgVenezuelaJosé Rondon1
29%
Schalke 04AustriaChristian Fuchs1
29%
ChelseaNigeriaJohn Obi Mikel1
29%
AS RomaArgentinaJuan Iturbe1
29%
DortmundGreeceSokratis Papastathopoulos1
29%
Schalke 04GermanyMax Meyer1
25%
MonacoFranceGeoffrey Kondogbia1
25%
ArsenalEnglandKieran Gibbs1
25%
MonacoBelgiumYannick Ferreira Carrasco1
25%
GalatasarayTurkeyBurak Yilmaz2
25%
AjaxPolandArkadiusz Milik1
21%
LiverpoolEnglandRickie Lambert1
21%
MonacoArgentinaLucas Ocampos1
21%
Schalke 04GermanyBenedikt Höwedes1
21%
Schalke 04CameroonEric Maxim Choupo-Moting1
21%
ShakhtarBrazilAlex Teixeira7
21%
LeverkusenTurkeyHakan Calhanoglu2
21%
AnderlechtSerbiaAleksandar Mitrovic2
21%
BarcelonaSpainSandro Ramirez1
21%
ShakhtarCroatiaDarijo Srna1
21%
Atletico MadridItalyAlessio Cerci1
21%
PortoPortugalQuaresma3
17%
OlympiacosNetherlandsIbrahim Afellay2
17%
PortoSpainCristian Tello1
17%
Athletic BilbaoSpainAritz Aduriz1
17%
Zenit Saint PetersburgPortugalDanny1
17%
BaselSwitzerlandFabian Frei1
17%
BaselSwitzerlandMarco Streller1
17%
MonacoBrazilFabinho1
17%
AS RomaBrazilMaicon1
17%
PortoBrazilCasemiro1
13%
Athletic BilbaoSpainMarkel Susaeta1
13%
LeverkusenGreeceKyriakos Papadopoulos1
13%
AjaxDenmarkLasse Schone3
13%
ArsenalFranceYaya Sanogo1
13%
AnderlechtRD CongoChancel Mbemba2
13%
AnderlechtBelgiumAnthony Vanden Borre2
13%
LeverkusenItalyGiulio Donati1
13%
PortoBrazilDanilo1
13%
AnderlechtBelgiumDennis Praet1
8%
BayernGermanySebastian Rode1
8%
BenficaArgentinaEduardo Salvio1
8%
OlympiacosArgentinaAlejandro Dominguez1
8%
Schalke 04NigeriaChinedu Obasi1
8%
CSKA MoscowIsraelBibras Natkho1
8%
AnderlechtHondurasAndy Najar1
8%
CSKA MoscowNigeriaAhmed Musa1
8%
Schalke 04GermanyDennis Aogo1
8%
Athletic BilbaoSpainMikel San José2
8%
SportingPortugalCarlos Mané1
8%
SportingFranceMouhamadou-Naby Sarr1
4%
BaselSwitzerlandBreel Embolo1
4%
BenficaBraziilTalisca1
4%
AjaxDenmarkLucas Andersen1
4%
Schalke 04GermanyLeroy Sané1
4%
AjaxMoroccoAnwar El-Ghazi1
4%
Ludogorets RazgradBrazilMarcelinho1
4%
MalmöSwedenMarkus Rosenberg3
4%
Real MadridSpainAlvaro Medran1
4%
BaselParaguayDerlis Gonzalez3
4%
OlympiacosCongoDelvin Ndinga1
4%
AjaxNetherlandsDavy Klaassen2
0%
Ludogorets RazgradSpainDani Abalo2
0%
Ludogorets RazgradBulgariaGeorgi Terziev1
0%
GalatasarayTurkeyHakan Balta1
0%
CSKA MoscowRussiaVassili Bérézoutski1
0%
MariborSloveniaDamjan Bohar1
0%
OlympiacosSpainAlberto Botia1
0%
OlympiacosSpainDavid Fuster1
0%
BaselCzech RepublicMarek Suchy1
0%
Athletic BilbaoSpainGuillermo Fernandez1
0%
ShakhtarUkraineTaras Stepanenko1
0%
BATE BorisovBelarusDzyanis Palyakow1
0%
BaselAlbaniaShkëlzen Gashi1
0%
MariborMacedoniaAgim Ibraimi1
0%
SportingBrazilJefferson1
0%
BATE BorisovBelarusAlyaksandr Karnitsky1
0%
OlympiacosSwitzerlandPajtim Kasami1
0%
MalmöSwedenSimon Kroon1
0%
APOELBrazilGustavo Manduca1
0%
OlympiacosFranceArthur Masuaku1
0%
Ludogorets RazgradBulgariaYordan Minev1
0%
MariborSloveniaLuka Zahovic1
0%

Score Distribution

Percentile by Number Answered

Percent of People with Each Score

Your Score History

You have not taken this quiz